Welcome to the Holygrace Academy Library

Please use search bar below to get started

KANNEERPPADAVUM MATTU PRADHANA KAVITHAKALUM (Record no. 4513)

MARC details
000 -LEADER
fixed length control field 00330nam a22001457a 4500
020 ## - INTERNATIONAL STANDARD BOOK NUMBER
ISBN 81-264-1633-5
082 ## - DEWEY DECIMAL CLASSIFICATION NUMBER
Classification number 894.812.1
Item number VAI/K
100 ## - MAIN ENTRY--AUTHOR NAME
Personal name VAILOPPILLY
245 ## - TITLE STATEMENT
Title KANNEERPPADAVUM MATTU PRADHANA KAVITHAKALUM
260 ## - PUBLICATION, DISTRIBUTION, ETC. (IMPRINT)
Place of publication KOTTAYAM
Name of publisher DC BOOKS
Year of publication 2011
300 ## - PHYSICAL DESCRIPTION
Number of Pages 182
520 ## - SUMMARY, ETC.
Summary, etc POETRY
650 ## - SUBJECT ADDED ENTRY--TOPICAL TERM
Topical Term POETRY
942 ## - ADDED ENTRY ELEMENTS (KOHA)
Koha item type Books

No items available.